000
00242nam a2200097Ia 4500
001
779047
005
20250826165937.0
008
250824s9999 xx 000 0 und d
245
0
_a
ŞİİR DENİZİ 2
_c
ÜMİT YAŞAR
260
_b
EVEREST YAYINLARI
999
_c
779047
_d
779047